| 000 | 00496nam a2200193Ia 4500 | ||
|---|---|---|---|
| 003 | OSt | ||
| 005 | 20251103150134.0 | ||
| 008 | 210210b1983 xxu||||| |||| 00| 0 eng d | ||
| 040 | _cAL | ||
| 041 | _aKannada | ||
| 082 | _aK894.3 SHAS | ||
| 100 |
_aSHARADE. _9238810 _dಶಾರದೆ |
||
| 245 |
_aSamsara sagara. _b ಸಂಸಾರ ಸಾಗರ |
||
| 260 |
_aMaisuru _bDavanam Prakashana _c1983 |
||
| 300 | _a150 | ||
| 690 |
_aKannada Fiction _9238811 |
||
| 906 | _aSG02850 | ||
| 942 |
_2ddc _cSG |
||
| 999 |
_c113454 _d113454 |
||